Detalles MARC
| 000 -CABECERA |
| campo de control de longitud fija |
04030nam a2200301 a 4500 |
| 001 - NÚMERO DE CONTROL |
| campo de control |
000027644 |
| 003 - IDENTIFICADOR DEL NÚMERO DE CONTROL |
| campo de control |
OSt |
| 005 - FECHA Y HORA DE LA ÚLTIMA TRANSACCIÓN |
| campo de control |
20220531083956.0 |
| 008 - DATOS DE LONGITUD FIJA--INFORMACIÓN GENERAL |
| campo de control de longitud fija |
110404s1984 dr a 000 0 spa d |
| 040 ## - FUENTE DE LA CATALOGACIÓN |
| Centro catalogador/agencia de origen |
DO-SdBNP |
| Lengua de catalogación |
spa |
| Centro/agencia transcriptor |
BNPHU |
| 049 ## - FONDOS LOCALES (OCLC) |
| Fondos de biblioteca |
|
| 082 ## - NÚMERO DE LA CLASIFICACIÓN DECIMAL DEWEY |
| Número de clasificación |
|
| Número de documento/Ítem |
R621c |
| 100 1# - ENTRADA PRINCIPAL--NOMBRE DE PERSONA |
| Nombre de persona |
Rivera Cedeño, Ernesto |
| 9 (RLIN) |
45393 |
| 245 14 - MENCIÓN DE TÍTULO |
| Título |
Las calles de Higuey : |
| Resto del título |
Higuey visto a traves de sus calles / |
| Mención de responsabilidad, etc. |
Ernesto Rivera Cedeño ; edición Rafael García Romero ; prólogo Ramón de la Rosa y Carpio. |
| 260 ## - PUBLICACIÓN, DISTRIBUCIÓN, ETC. |
| Lugar de publicación, distribución, etc. |
Santo Domingo : |
| Nombre del editor, distribuidor, etc. |
Mamey, |
| Fecha de publicación, distribución, etc. |
1984. |
| 300 ## - DESCRIPCIÓN FÍSICA |
| Extensión |
145 p. : |
| Otras características físicas |
il. ; |
| Dimensiones |
21 cm. |
| 500 ## - NOTA GENERAL |
| Nota general |
Incluye datos biográficos del autor en la página 145. |
| 505 ## - NOTA DE CONTENIDO CON FORMATO |
| Nota de contenido con formato |
Higüey -- La Virgen de la Altagracia -- El santuario -- El culto de la Altagracia -- Celebración del 21 de enero -- La hermandad de los Toreros de la Virgen -- Celebración del 15 de agosto -- El pozo de la Virgen -- La cruz del perdón -- Las tres cruces -- La cruz de ceja esperanza -- Diócesis de nuestra Señora de la Altagracia -- Obispos de la diócesis -- Monseñor Juan F. Pepen Soliman -- Monseñor Hugo E. Polanco Brito -- Monseñor Ramón B. de la Rosa y Carpio -- La provincia -- Las calles -- Antonio de Aza -- Baldemaro Rijo -- Avenida Vetilio Alfáu Durán -- Hermanos Trejo -- Avenida Juan XXIII -- Abelardo Pérez -- Adamanai -- Agustín Guerrero -- Alcibíades Vallejo -- Antonio Valdez Hijo -- Monseñor Nouel -- Beler -- Bienvenido Creales -- Cambronal -- Cayacoa -- Cesé Catrina -- Cleto Villavicencio -- Colén Soto -- Colón -- Comandante Marmolejos -- Constitución -- Cotubanama -- Daniel Herrera -- Juan de Esquivel -- Dionisio Arturo Troncoso -- Doctor Celio Estruch -- Canónigo Montás -- Juan Pablo Duarte -- Duvergé -- Eduardo Morel -- Enrique Rijo -- Estéfana Brea -- Eusebio Cedano -- General Eustaquio Ducoudray -- Florencio Soler -- Lic. Humberto Ducoudray -- Francisco Richiez Ducoudray -- Francisco Rijo -- Gaspar Hernández -- Gastón F. Deligne -- General Gregorio Luperón -- General Manuel María Suero -- General Santana -- Hermanos Goico Martínez -- Hicayagua -- Higuanamá -- Huáscar Tejeda Pimentel -- Joaquín Vicioso -- José Audilio Santana -- José Ramón Payán -- Manuel Monteagudo -- Mella -- Mercedes Alfáu Pilier y Celina Pilier -- Gabriel B. Moreno del Christo -- Padre Billini -- Pedro Livio Cedeño -- Policarpia Frías -- Ramón Pumarol -- Remigio Castillo -- Sánchez -- San Santiago -- Santome -- Teodulo Guerrero Montás -- Teófilo Guerrero del Rosario -- Teófilo Altagracia Reyes -- Trifol Siminier -- Ursula Morel -- Víctor de Castro -- Victoriano Pepén -- Calle 27 de Febrero -- Profesora Emma Dora Botello -- Laguna Llana -- Juan Ponce de León -- Julita Peignand -- La Altagracia -- La limonade -- La reinosa -- Las Carreras -- La Trinitaria -- Lic. Félix Servio Ducoudray -- Lic. Lorenzo Sánchez Rijo -- Julio Rolffot -- Manuel Emilio Gómez -- Santiago Pierre Jacques -- Ramón Marrero Aristy -- Canónigo Don Tomás Nuñez -- Francisco Alberto Caamaño Deñó -- Dionisio Mejía -- Dra. Evangelina Rodríguez Perozo -- Ana Tarcila Valdez -- Prof. Mortimer Dalmasi -- Prof. Tulio E. Valdez -- José Timoteo Maduro -- Prof. Srta. Orfelina Alt. Pilier -- Presidente Antonio Guzmán Fernández -- Prof. Srta. América de Soto -- Dr. Tomás Arévalo Cedeño V. -- San Vicente de Paúl -- Mons. Eliseo Pérez Sánchez -- Pbro. Bernardo Montás M. -- 16 de Agosto -- José Loreto Julián -- Don Angel Meriño -- Rafael Comay 2 -- Apéndice. |
| 590 ## - NOTA LOCAL (RLIN) |
| Nota local |
Inventariado, 2020/VM |
| 650 #7 - PUNTO DE ACCESO ADICIONAL DE MATERIA--TÉRMINO DE MATERIA |
| Término de materia o nombre geográfico como elemento de entrada |
Ciudades y pueblos |
| Subdivisión geográfica |
República Dominicana |
| 9 (RLIN) |
784 |
| 650 #7 - PUNTO DE ACCESO ADICIONAL DE MATERIA--TÉRMINO DE MATERIA |
| Término de materia o nombre geográfico como elemento de entrada |
Historia local |
| Subdivisión geográfica |
Higuey (República Dominicana) |
| 9 (RLIN) |
77000 |
| 651 #0 - PUNTO DE ACCESO ADICIONAL DE MATERIA--NOMBRE GEOGRÁFICO |
| Nombre geográfico |
Higuey (República Dominicana) |
| 9 (RLIN) |
76999 |
| 651 #7 - PUNTO DE ACCESO ADICIONAL DE MATERIA--NOMBRE GEOGRÁFICO |
| Nombre geográfico |
Higuey (República Dominicana) |
| Subdivisión general |
|
| 9 (RLIN) |
26822 |
| 700 1# - PUNTO DE ACCESO ADICIONAL--NOMBRE DE PERSONA |
| Nombre de persona |
García Romero, Rafael, |
| Término indicativo de función/relación |
ed. |
| 9 (RLIN) |
17141 |
| 700 1# - PUNTO DE ACCESO ADICIONAL--NOMBRE DE PERSONA |
| Nombre de persona |
Rosa y Carpio, Ramón de la , |
| Nombre de parte o sección de la obra |
rl. |
| 9 (RLIN) |
54734 |
| 942 ## - ELEMENTOS DE PUNTO DE ACCESO ADICIONAL (KOHA) |
| Fuente del sistema de clasificación o colocación |
Dewey Decimal Classification |
| Tipo de ítem Koha |
Libros y folletos |
| 956 ## - LOCALIZACIÓN Y ACCESO ELECTRÓNICOS LOCAL (OCLC) |
| Nombre del host |
VMateo |